| 000 | 00498nam a2200169 a 4500 | ||
|---|---|---|---|
| 001 | 5857 | ||
| 003 | CDMR | ||
| 005 | 20130425174201.0 | ||
| 008 | 130220s2005||||||||||||||||||||||||||||d | ||
| 040 |
_aCDMR _bcat _cCDMR |
||
| 100 | 1 |
_aGonzález, Gustavo _92882 |
|
| 245 | 1 | 0 |
_aDiario de un paparazzi _b: el otro lado de la prensa del corazón _cGustavo González |
| 260 |
_aBarcelona _bPlaza & Janés _c2005 |
||
| 300 |
_a328 p. ; _c23 cm |
||
| 650 | 0 | 4 |
_93099 _aSensacionalisme en la premsa |
| 942 |
_cMON _2udc |
||
| 999 |
_c5857 _d5857 |
||